00901nam a2200241 a 45000010005000000030005000050050017000100080041000270200015000680400020000832450150001032600027002533000011002804900052002916500058003436500040004017000032004417000028004737000032005019420013005339990015005469520098005614221CDMR20131202174951.0130130s1986||||||||||||||||||||||||||||d a8486094119 aCDMRbcatcCDMR00aComunicaciones y desarrollob: predicción y economía de las telecomunicacionescedición de Adolfo Castilla, Diego Bader y José R. Granger aMadridc1986bFundesco a211 p.0 aLos Libros de Fundesco. aEstudios y Documentos0493508aTecnologia de la informacióxAspectes socials0494180aSistemes de telecomunicació1 91761aCastilla, Adolfoeed.1 94424aBader, Diegoeed.1 94425aGranger, Jose R.eed. cMON2udc c4221d4221 00104070aCDMRbCDMRd2013-01-16l0oCc 5.1/15pCDMR1312613224r2013-01-16w2013-01-16yMON